000 00524nam a2200157Ia 4500
008 090124s9999 xx 000 0 und d
082 _b22948
_a1370
245 _a टेलिव्हिजन मूलभूत तत्वे
250 _a1
260 _c1979
300 _a293
630 _a टेलिव्हिजन मूलभूत तत्वे
700 _aसोहोनी श्री. वि.
730 _a टेलिव्हिजन मूलभूत तत्वे
942 _cBOOK
999 _c136564
_d136564